[Event "COL-chT"]
[Site "Ibague"]
[Date "2018.10.11"]
[Round "1.1"]
[White "Perez, Dubier Marcelo"]
[Black "Ojeda, Jesus David"]
[Result "0-1"]
[WhiteElo "1603"]
[BlackElo "2128"]
[PlyCount "52"]
[EventDate "2018.10.11"]
[EventType "team-swiss"]
[EventRounds "6"]
[EventCountry "COL"]
[SourceTitle "CBM 186 Extra"]
[Source "ChessBase"]
[SourceDate "2018.08.24"]
[SourceVersion "1"]
[SourceVersionDate "2018.08.24"]
[SourceQuality "1"]
[WhiteTeam "Tolima Retadores"]
[BlackTeam "Norte de Santander"]
[WhiteTeamCountry "COL"]
[BlackTeamCountry "COL"]

1. d4 Nf6 2. c4 g6 3. e3 Bg7 4. Nc3 0-0 5. Nf3 d6 6. Be2 b6 7. Qc2 Bb7 8. 0-0 Nbd7 9. e4 e5 10. d5 Nh5 11. Ng5 Nf4 12. Nf3 f5 13. g3 Nxe2+ 14. Qxe2 Nf6 15. exf5 gxf5 16. Bg5 Qd7 17. Bh4 h6 18. Rfe1 Rae8 19. Rad1 Bc8 20. b4 Qf7 21. Kg2 e4 22. Nd4 f4 23. Qc2 Bg4 24. f3 exf3+ 25. Nxf3 fxg3 26. Bxg3 Bxf3+ 0-1